Odgadnij klub z Wielkiej Brytanii A-Z - Statystyki

Ogólne statystyki
  • Ten quiz został rozwiązany 32 razy
  • Średni wynik to 13 z 24
Statystyki odpowiedzi
Litera Zagadka Odpowiedź % Poprawnych
A Jeden z najlepszych klubów z Londynu tzw. Kanonierzy. Arsenal
100%
C Zwycięzca Ligi Mistrzów z sezonu 2020/21. Ich przydomek w języku polskim to "Niebiescy" Chelsea
97%
E Niebieska strona Liverpoolu. Everton
90%
L Klub, którego trenerem przez lata był Jurgen Klopp Liverpool
87%
M Jeden z dwóch najbardziej utytułowanych klubów z Anglii. Manchester United
83%
T Totki lub Koguty Tottenham
80%
D Klub, który ma barana w swoim logo. Derby County
70%
F Klub rozgrywający swoje mecze domowe na stadionie Craven Cottage. Fulham
70%
H Były klub Kamila Grosickiego. Hull City
70%
S Ich przydomek to "Święci" Southampton
70%
W Klub o przydomku "Wilki" mający siedzibę niedaleko Birmingham Wolverhampton
70%
Q Jedyny klub z Londynu zaczynający się na tą literę. QPR/ Queens Park Rangers
67%
N Klub, który zdobył Ligę Mistrzów dwa razy z rzędu. Mecze domowe rozgrywa na The City Ground. Nottingham Forest
63%
I Drużyna, która była niepokonana u siebie w europejskich pucharach przez 31 meczów z rzędu. Ipswich Town
60%
B Drużyna, która przegrała z Legią Warszawa w LM w roku 1995. Blackburn Rovers
40%
G Drużyna, która pokonała Czerwone Diabły w pucharze "Myszki Miki" w serii jedenastek. Grimsby Town
40%
Y Klub z siedzibą w Yeovil znany z występów w League One Yeovil Town
37%
R Klub, który zdobył rekordową liczbę punktów w historii Championship (106) Reading
33%
O Ich głównych rywalem jest Swindon Town toczą oni ze sobą derby. Oxford United
30%
P Były klub Tymoteusza Puchacza. Plymouth Argyle
30%
V Amatorska drużyna z miasta Ventnor Ventnor FC
10%
K Klub z Najwyższej szkockiej ligi. Klimarnock
7%
J Jedyny profesjonalny klub zaczynający się na literę J. Pochodzi ze Szkocji Johnstone
3%
U Amatorski klub z miasta Ulverston Ulverston Rangers
3%
Nie znaleziono quizów pasujących do podanych kryteriów
Rozkład punktacji
Procent ludzi z każdym wynikiem
Percentyl według liczby udzielonych odpowiedzi
Twoja historia wyników
Nie rozwiązałeś tego quizu